000 00616nam a2200217 a 4500
001 000048003
003 DO-SdBNP
005 20220622131820.0
007 ta
008 110228s1992 dr a r 000 0 spa d
040 _aDO-SdBNP
_bspa
_cBNPHU
082 4 _bA561p, 1992
_222
100 1 _aAndrés, Mateo,
_97205
245 1 0 _aPuedo ser otro ... y feliz /
_cMateo Andrés ; prólogo Fco. José Arnaiz.
250 _a6a. ed.
260 _aSanto Domingo :
_bMSC,
_c1992.
300 _a175 p. :
_bil. ;
_c22 cm.
590 _aInventariado, 2019/VM
700 1 _aArnaiz, José Fco.,
_epról.
_953006
942 _2ddc
_cLBS1
999 _c47491
_d47491